The scientific papers of J.Willard Gibbs (Record no. 2617)
[ view plain ]
| 000 -LEADER | |
|---|---|
| fixed length control field | 00570nam a2200181Ia 4500 |
| 003 - CONTROL NUMBER IDENTIFIER | |
| control field | IN-BaIIA |
| 008 - FIXED-LENGTH DATA ELEMENTS--GENERAL INFORMATION | |
| fixed length control field | 211028s9999 xx 000 0 eng d |
| 040 ## - CATALOGING SOURCE | |
| Transcribing agency | IIA Library |
| 080 ## - UNIVERSAL DECIMAL CLASSIFICATION NUMBER | |
| Universal Decimal Classification number | 081:53 |
| Item number | GIB |
| 100 ## - MAIN ENTRY--PERSONAL NAME | |
| Personal name | Gibbs, Willard J. |
| 9 (RLIN) | 4642 |
| 245 #4 - TITLE STATEMENT | |
| Title | The scientific papers of J.Willard Gibbs |
| Remainder of title | vol. 1, thermodynamics |
| Statement of responsibility, etc. | Willard J. Gibbs |
| 260 ## - PUBLICATION, DISTRIBUTION, ETC. | |
| Place of publication, distribution, etc. | New York |
| Name of publisher, distributor, etc. | Dover Publications |
| Date of publication, distribution, etc. | 1961 |
| 300 ## - PHYSICAL DESCRIPTION | |
| Extent | xxvi, 434p. |
| 650 ## - SUBJECT ADDED ENTRY--TOPICAL TERM | |
| Topical term or geographic name entry element | Astronomy and Astrophysics thesaurus |
| 650 ## - SUBJECT ADDED ENTRY--TOPICAL TERM | |
| Topical term or geographic name entry element | Collected orks-J. W Gibbs |
| 9 (RLIN) | 4643 |
| 650 ## - SUBJECT ADDED ENTRY--TOPICAL TERM | |
| Topical term or geographic name entry element | J. W Gibbs Collected works |
| 9 (RLIN) | 4644 |
| 942 ## - ADDED ENTRY ELEMENTS (KOHA) | |
| Koha item type | Books |
| Withdrawn status | Lost status | Damaged status | Not for loan | Home library | Current library | Shelving location | Date acquired | Cost, normal purchase price | Total Checkouts | Full call number | Barcode | Date last seen | Cost, replacement price | Price effective from | Koha item type | Purchase Price |
|---|---|---|---|---|---|---|---|---|---|---|---|---|---|---|---|---|
| IIA Library-Bangalore | IIA Library-Bangalore | General Stacks | 30/03/1966 | 11.25 | 081:53/ GIB | 2921 | 05/11/2021 | 11.25 | 30/03/1966 | Books | Rs. 11.25 |